000 00460cam a2200157 4500
001 7862
005 20181127184525.0
008 110509s2010 xna b 000 0 eng d
010 _a 2011381660
245 1 4 _aLAN 203 :
_bCreative writing /
_c
260 _a[Thimphu] :
_bRoyal Thimphu College,
_c2018.
500 _aLAN 203: Creative Writing.
500 _aXerographic copy in a binder.
650 0 _aCreative writing.
_x
_v
650 0 _aEnglish language Rhetoric.
_x
999 _c6749
_d6749